[Event "Team Championship of Russia (blitz)"]
[Site "Sochi"]
[Date "2015.05.10"]
[Round "8.13"]
[White "Zvjaginsev, Vadim"]
[Black "Demidov, Mikhail"]
[Result "1/2-1/2"]
[LiveChessVersion "1.4.4"]
[BlackElo "2621"]
[WhiteElo "2638"]

1. e4 {[%clk 0:03:03]} e6 {[%clk 0:03:02]} 2. d3 {[%clk 0:03:05]} d5
{[%clk 0:03:03]} 3. Nd2 c5 4. Ngf3 {[%clk 0:03:06]} Nc6 5. g3 Nf6 6. Bg2 g6
{[%clk 0:03:09]} 7. O-O {[%clk 0:03:10]} Bg7 {[%clk 0:03:10]} 8. exd5
{[%clk 0:03:10]} Nxd5 {[%clk 0:03:11]} 9. Nb3 {[%clk 0:03:11]} b6
{[%clk 0:03:12]} 10. d4 {[%clk 0:03:12]} Ba6 {[%clk 0:03:02]} 11. Re1
{[%clk 0:03:07]} cxd4 {[%clk 0:03:02]} 12. Nfxd4 {[%clk 0:03:01]} Nxd4
{[%clk 0:02:09]} 13. Nxd4 {[%clk 0:03:02]} O-O {[%clk 0:02:06]} 14. c3
{[%clk 0:02:31]} Qd7 {[%clk 0:01:49]} 15. Bg5 {[%clk 0:02:30]} h6
{[%clk 0:01:47]} 16. Bd2 {[%clk 0:02:27]} Rad8 {[%clk 0:01:43]} 17. a4
{[%clk 0:02:12]} Bb7 {[%clk 0:01:30]} 18. Qc1 {[%clk 0:02:06]} Kh7
{[%clk 0:01:27]} 19. a5 {[%clk 0:01:59]} bxa5 {[%clk 0:00:57]} 20. Rxa5
{[%clk 0:01:53]} a6 {[%clk 0:00:59]} 21. Nf3 {[%clk 0:01:38]} Rfe8
{[%clk 0:00:53]} 22. h4 {[%clk 0:01:35]} Qc7 {[%clk 0:00:50]} 23. Ra3
{[%clk 0:01:30]} e5 {[%clk 0:00:39]} 24. h5 {[%clk 0:01:28]} e4 {[%clk 0:00:40]}
25. hxg6+ {[%clk 0:01:28]} fxg6 {[%clk 0:00:42]} 26. Nd4 {[%clk 0:01:24]} Nb4
{[%clk 0:00:33]} 27. cxb4 {[%clk 0:01:17]} Qxc1 {[%clk 0:00:34]} 28. Rxc1
{[%clk 0:01:16]} Rxd4 {[%clk 0:00:35]} 29. Bc3 {[%clk 0:01:09]} Rd7
{[%clk 0:00:35]} 30. Bxg7 {[%clk 0:00:52]} Kxg7 {[%clk 0:00:36]} 31. Re3
{[%clk 0:00:45]} Ree7 {[%clk 0:00:37]} 32. Rce1 {[%clk 0:00:41]} Rd4
{[%clk 0:00:38]} 33. Rb3 Bd5 34. Ra3 {[%clk 0:00:34]} Rxb4 {[%clk 0:00:41]} 35.
Rxa6 {[%clk 0:00:35]} Rxb2 {[%clk 0:00:42]} 36. Rd6 {[%clk 0:00:34]} e3
{[%clk 0:00:33]} 37. f3 {[%clk 0:00:20]} Rd2 {[%clk 0:00:34]} 38. Bf1
{[%clk 0:00:18]} Kf7 {[%clk 0:00:22]} 39. Rxd5 {[%clk 0:00:18]} Rxd5
{[%clk 0:00:18]} 40. Bc4 {[%clk 0:00:19]} Red7 {[%clk 0:00:11]} 41. Rxe3
{[%clk 0:00:16]} Kf6 {[%clk 0:00:12]} 1/2-1/2

[Event "Team Championship of Russia (blitz)"]
[Site "Sochi"]
[Date "2015.05.10"]
[Round "8.19"]
[White "Predke, Alexandr"]
[Black "Usmanov, Vasily"]
[Result "1-0"]
[LiveChessVersion "1.4.4"]
[BlackElo "2403"]
[WhiteElo "2517"]

1. e4 {[%clk 0:03:03]} d5 {[%clk 0:03:03]} 2. exd5 {[%clk 0:03:03]} Qxd5
{[%clk 0:03:04]} 3. Nc3 {[%clk 0:03:04]} Qd8 {[%clk 0:03:05]} 4. d4
{[%clk 0:03:00]} c6 {[%clk 0:03:06]} 5. Nf3 {[%clk 0:02:58]} Bg4 {[%clk 0:03:05]}
6. Bc4 {[%clk 0:02:59]} e6 {[%clk 0:03:05]} 7. Be3 {[%clk 0:02:41]} Nd7
{[%clk 0:03:02]} 8. h3 {[%clk 0:02:38]} Nb6 {[%clk 0:02:56]} 9. Bb3
{[%clk 0:02:36]} Bxf3 {[%clk 0:02:50]} 10. Qxf3 {[%clk 0:02:36]} Nf6
{[%clk 0:02:50]} 11. Ne4 {[%clk 0:02:31]} Nxe4 {[%clk 0:02:29]} 12. Qxe4
{[%clk 0:02:31]} Be7 {[%clk 0:02:19]} 13. c3 {[%clk 0:02:26]} Bg5
{[%clk 0:02:09]} 14. O-O {[%clk 0:02:07]} Bxe3 {[%clk 0:02:04]} 15. fxe3
{[%clk 0:02:07]} Qe7 {[%clk 0:01:48]} 16. Qe5 {[%clk 0:02:00]} O-O
{[%clk 0:01:44]} 17. e4 {[%clk 0:02:01]} Nd7 {[%clk 0:01:42]} 18. Qh5
{[%clk 0:01:57]} Nf6 {[%clk 0:01:27]} 19. Qh4 {[%clk 0:01:51]} Nd5
{[%clk 0:01:20]} 20. Qg3 {[%clk 0:01:45]} Nc7 {[%clk 0:01:11]} 21. Rf4
{[%clk 0:01:29]} f6 {[%clk 0:01:08]} 22. Raf1 {[%clk 0:01:21]} a5
{[%clk 0:01:08]} 23. e5 {[%clk 0:01:18]} fxe5 {[%clk 0:01:01]} 24. Rxf8+
{[%clk 0:01:14]} Rxf8 {[%clk 0:01:02]} 25. Rxf8+ {[%clk 0:01:13]} Kxf8
{[%clk 0:00:55]} 26. Qxe5 {[%clk 0:01:13]} b6 {[%clk 0:00:39]} 27. Qe4
{[%clk 0:01:11]} Nd5 {[%clk 0:00:33]} 28. Qxh7 {[%clk 0:01:09]} Qg5
{[%clk 0:00:34]} 29. Qe4 {[%clk 0:01:03]} Ke7 {[%clk 0:00:26]} 30. c4
{[%clk 0:00:52]} Nf4 {[%clk 0:00:23]} 31. Kh2 {[%clk 0:00:48]} c5
{[%clk 0:00:22]} 32. dxc5 {[%clk 0:00:45]} bxc5 {[%clk 0:00:20]} 33. Bd1
{[%clk 0:00:42]} Ng6 {[%clk 0:00:18]} 34. Bf3 {[%clk 0:00:34]} Ne5
{[%clk 0:00:17]} 35. Be2 {[%clk 0:00:24]} Kd6 {[%clk 0:00:18]} 36. b3
{[%clk 0:00:23]} Qd2 {[%clk 0:00:19]} 37. a3 {[%clk 0:00:16]} Qb2
{[%clk 0:00:18]} 38. Bh5 {[%clk 0:00:10]} Qxb3 {[%clk 0:00:17]} 39. Qh4
{[%clk 0:00:09]} Nxc4 {[%clk 0:00:11]} 40. Qd8+ {[%clk 0:00:09]} Ke5
{[%clk 0:00:12]} 41. Qg5+ {[%clk 0:00:10]} Kd4 {[%clk 0:00:13]} 42. Qxg7+
{[%clk 0:00:10]} e5 {[%clk 0:00:13]} 43. Bf7 {[%clk 0:00:09]} Qd3
{[%clk 0:00:08]} 44. h4 {[%clk 0:00:05]} Nxa3 {[%clk 0:00:07]} 45. h5
{[%clk 0:00:05]} Qe3 {[%clk 0:00:05]} 46. h6 {[%clk 0:00:04]} Qf4+
{[%clk 0:00:06]} 47. Kh3 {[%clk 0:00:04]} Qf5+ {[%clk 0:00:07]} 48. Kh4
{[%clk 0:00:04]} Qf2+ {[%clk 0:00:08]} 49. g3 {[%clk 0:00:04]} Qh2+
{[%clk 0:00:09]} 50. Kg4 {[%clk 0:00:05]} Qe2+ {[%clk 0:00:11]} 51. Kf5
{[%clk 0:00:04]} Nc2 {[%clk 0:00:11]} 52. Qg4+ {[%clk 0:00:03]} e4
{[%clk 0:00:12]} 53. Qxe2 {[%clk 0:00:03]} Kd5 54. Kxe4+ 1-0

[Event "Team Championship of Russia (blitz)"]
[Site "Sochi"]
[Date "2015.05.10"]
[Round "8.33"]
[White "Balashov, Yuri S"]
[Black "Gabrielian, Artur"]
[Result "0-1"]
[LiveChessVersion "1.4.4"]
[BlackElo "2539"]
[WhiteElo "2377"]

1. e4 {[%clk 0:02:57]} c5 {[%clk 0:03:03]} 2. Nc3 {[%clk 0:02:57]} d6
{[%clk 0:03:04]} 3. Bb5+ {[%clk 0:02:57]} Nd7 {[%clk 0:03:03]} 4. a4
{[%clk 0:02:57]} Ngf6 {[%clk 0:03:03]} 5. f4 {[%clk 0:02:56]} a6 {[%clk 0:03:03]}
6. Bc4 {[%clk 0:02:54]} e6 {[%clk 0:02:52]} 7. Qe2 {[%clk 0:02:53]} Qc7
{[%clk 0:02:33]} 8. Nf3 {[%clk 0:02:51]} Be7 {[%clk 0:02:34]} 9. d3
{[%clk 0:02:44]} O-O {[%clk 0:02:32]} 10. e5 {[%clk 0:02:41]} Ne8
{[%clk 0:02:29]} 11. exd6 {[%clk 0:02:34]} Nxd6 {[%clk 0:02:30]} 12. O-O
{[%clk 0:02:30]} Nxc4 {[%clk 0:02:25]} 13. dxc4 {[%clk 0:02:29]} b6
{[%clk 0:02:23]} 14. Ne4 {[%clk 0:02:26]} Bb7 {[%clk 0:02:20]} 15. Re1
{[%clk 0:02:23]} h6 {[%clk 0:02:18]} 16. b3 {[%clk 0:02:21]} Rad8
{[%clk 0:02:17]} 17. Ng3 {[%clk 0:02:13]} Bf6 {[%clk 0:02:05]} 18. Rb1
{[%clk 0:02:13]} Bc3 {[%clk 0:02:05]} 19. Rf1 {[%clk 0:02:13]} Nf6
{[%clk 0:02:04]} 20. Ne5 {[%clk 0:02:10]} Nd7 {[%clk 0:01:48]} 21. Nd3
{[%clk 0:02:06]} Rfe8 {[%clk 0:01:48]} 22. Be3 {[%clk 0:02:01]} e5
{[%clk 0:01:47]} 23. f5 {[%clk 0:02:00]} Nf6 {[%clk 0:01:48]} 24. Rbd1
{[%clk 0:01:56]} Bd4 {[%clk 0:01:48]} 25. Nf2 {[%clk 0:01:54]} Qc6
{[%clk 0:01:48]} 26. Nd3 {[%clk 0:01:46]} Ng4 {[%clk 0:01:48]} 27. Bxd4
{[%clk 0:01:45]} exd4 {[%clk 0:01:50]} 28. Qd2 {[%clk 0:01:42]} Ne3
{[%clk 0:01:51]} 0-1

[Event "Team Championship of Russia (blitz)"]
[Site "Sochi"]
[Date "2015.05.10"]
[Round "8.34"]
[White "Nechaev, Oleg"]
[Black "Dragomarezkij, Evgeni"]
[Result "1-0"]
[LiveChessVersion "1.4.4"]
[BlackElo "2513"]
[WhiteElo "2345"]

1. c4 {[%clk 0:03:01]} c5 2. g3 Nf6 {[%clk 0:03:02]} 3. Bg2 {[%clk 0:03:03]} d5
{[%clk 0:03:03]} 4. cxd5 Nxd5 5. Nf3 {[%clk 0:03:05]} Nc6 {[%clk 0:03:05]} 6. O-O
{[%clk 0:03:05]} e5 {[%clk 0:03:02]} 7. Nc3 {[%clk 0:03:03]} Nc7 {[%clk 0:02:47]}
8. d3 {[%clk 0:03:01]} Be7 {[%clk 0:02:36]} 9. Be3 {[%clk 0:02:59]} O-O
{[%clk 0:02:29]} 10. Qa4 {[%clk 0:02:55]} Bd7 {[%clk 0:02:22]} 11. Rfc1
{[%clk 0:02:53]} Re8 {[%clk 0:01:54]} 12. Rab1 {[%clk 0:02:49]} Bf8
{[%clk 0:01:49]} 13. a3 {[%clk 0:02:47]} Nd4 {[%clk 0:01:48]} 14. Qd1
{[%clk 0:02:48]} Bg4 {[%clk 0:01:35]} 15. Nd2 {[%clk 0:02:44]} Rb8
{[%clk 0:01:32]} 16. h3 {[%clk 0:02:44]} Bh5 {[%clk 0:01:31]} 17. g4
{[%clk 0:02:33]} Bg6 {[%clk 0:01:32]} 18. b4 {[%clk 0:02:25]} Nce6
{[%clk 0:01:25]} 19. Nce4 {[%clk 0:02:05]} cxb4 {[%clk 0:01:21]} 20. axb4
{[%clk 0:02:06]} h5 {[%clk 0:01:18]} 21. Bxd4 {[%clk 0:01:56]} exd4
{[%clk 0:01:14]} 22. gxh5 {[%clk 0:01:35]} Bxh5 {[%clk 0:01:13]} 23. Ng3
{[%clk 0:01:30]} Bg6 {[%clk 0:01:08]} 24. Nf3 {[%clk 0:01:22]} Bd6
{[%clk 0:01:04]} 25. Rc4 {[%clk 0:01:14]} a6 {[%clk 0:00:44]} 26. Qd2
{[%clk 0:01:01]} Bxg3 {[%clk 0:00:44]} 27. fxg3 {[%clk 0:01:01]} Qd6
{[%clk 0:00:44]} 28. Kh2 {[%clk 0:00:58]} b5 {[%clk 0:00:40]} 29. Rc2
{[%clk 0:00:59]} Rbc8 {[%clk 0:00:41]} 30. Rbc1 {[%clk 0:00:48]} Rxc2
{[%clk 0:00:41]} 31. Rxc2 {[%clk 0:00:50]} Bh5 {[%clk 0:00:36]} 32. h4
{[%clk 0:00:32]} Bxf3 {[%clk 0:00:34]} 33. Bxf3 {[%clk 0:00:33]} g6
{[%clk 0:00:33]} 34. Rc6 {[%clk 0:00:32]} Qe5 {[%clk 0:00:26]} 35. Rxa6
{[%clk 0:00:33]} Rc8 {[%clk 0:00:27]} 36. Qa2 {[%clk 0:00:29]} Rc1
{[%clk 0:00:23]} 37. Qd2 {[%clk 0:00:21]} Rc3 {[%clk 0:00:20]} 38. Qh6
{[%clk 0:00:20]} Rc8 {[%clk 0:00:19]} 39. Be4 {[%clk 0:00:14]} Ng7
{[%clk 0:00:18]} 40. Ra7 {[%clk 0:00:12]} Qf6 {[%clk 0:00:18]} 41. Qf4
{[%clk 0:00:13]} Qxf4 {[%clk 0:00:18]} 42. gxf4 {[%clk 0:00:14]} Ne6
{[%clk 0:00:15]} 43. Kg3 {[%clk 0:00:14]} Kf8 {[%clk 0:00:14]} 44. Bd5
{[%clk 0:00:14]} Rc2 {[%clk 0:00:13]} 45. Bxe6 {[%clk 0:00:14]} fxe6
{[%clk 0:00:14]} 46. Kf3 {[%clk 0:00:16]} Rb2 {[%clk 0:00:15]} 47. Rb7
{[%clk 0:00:08]} Rxb4 {[%clk 0:00:16]} 48. Kg4 {[%clk 0:00:08]} Rb2 49. Kg5 Rxe2
{[%clk 0:00:17]} 50. Kf6 {[%clk 0:00:11]} Ke8 {[%clk 0:00:16]} 51. Kxg6
{[%clk 0:00:12]} Rf2 52. h5 Rxf4 {[%clk 0:00:15]} 53. h6 {[%clk 0:00:14]} Rg4+
{[%clk 0:00:16]} 54. Kf6 {[%clk 0:00:16]} Rf4+ {[%clk 0:00:12]} 55. Kxe6
{[%clk 0:00:17]} Kd8 {[%clk 0:00:07]} 56. h7 {[%clk 0:00:18]} Rh4
{[%clk 0:00:05]} 57. h8=Q+ {[%clk 0:00:18]} Kd7+ 1-0

[Event "Team Championship of Russia (blitz)"]
[Site "Sochi"]
[Date "2015.05.10"]
[Round "9.1"]
[White "Malakhov, Vladimir"]
[Black "Nepomniachtchi, Ian"]
[Result "1-0"]
[LiveChessVersion "1.4.4"]
[BlackElo "2846"]
[WhiteElo "2747"]

1. Nf3 {[%clk 0:03:03]} g6 {[%clk 0:03:02]} 2. e4 {[%clk 0:03:03]} Nf6
{[%clk 0:03:03]} 3. Nc3 {[%clk 0:03:03]} d6 {[%clk 0:03:03]} 4. d4
{[%clk 0:03:03]} Bg7 {[%clk 0:03:05]} 5. Be2 {[%clk 0:03:05]} a6 {[%clk 0:03:06]}
6. a4 {[%clk 0:02:51]} O-O {[%clk 0:03:07]} 7. O-O {[%clk 0:02:52]} Nc6
{[%clk 0:03:08]} 8. h3 {[%clk 0:02:45]} e5 {[%clk 0:02:58]} 9. Be3
{[%clk 0:02:26]} exd4 {[%clk 0:02:51]} 10. Nxd4 {[%clk 0:02:27]} Re8
{[%clk 0:02:50]} 11. Nxc6 {[%clk 0:02:13]} bxc6 {[%clk 0:02:51]} 12. Bd3
{[%clk 0:02:14]} c5 {[%clk 0:02:46]} 13. Rb1 {[%clk 0:02:03]} Bb7
{[%clk 0:02:39]} 14. Bg5 {[%clk 0:01:57]} h6 {[%clk 0:02:38]} 15. Bxf6
{[%clk 0:01:58]} Qxf6 {[%clk 0:02:11]} 16. Bc4 {[%clk 0:01:47]} c6
{[%clk 0:01:40]} 17. Qd3 {[%clk 0:01:38]} a5 {[%clk 0:01:36]} 18. Rbd1
{[%clk 0:01:34]} Rad8 {[%clk 0:01:38]} 19. Qg3 {[%clk 0:01:23]} Qe7
{[%clk 0:01:05]} 20. Rfe1 {[%clk 0:01:19]} Kh7 {[%clk 0:01:05]} 21. Qf3
{[%clk 0:00:52]} Rf8 {[%clk 0:01:03]} 22. Ne2 {[%clk 0:00:37]} Bc8
{[%clk 0:01:01]} 23. b3 {[%clk 0:00:32]} f5 {[%clk 0:00:55]} 24. Ng3
{[%clk 0:00:30]} fxe4 {[%clk 0:00:45]} 25. Rxe4 {[%clk 0:00:31]} Qg5
{[%clk 0:00:33]} 26. h4 {[%clk 0:00:33]} Qf6 {[%clk 0:00:14]} 27. Qxf6
{[%clk 0:00:34]} Bxf6 {[%clk 0:00:15]} 28. Be6 {[%clk 0:00:33]} d5
{[%clk 0:00:13]} 29. Ree1 {[%clk 0:00:31]} Bxh4 {[%clk 0:00:13]} 30. Bxc8
{[%clk 0:00:32]} Rxc8 {[%clk 0:00:15]} 31. Re6 {[%clk 0:00:32]} Kg7
{[%clk 0:00:11]} 32. Rde1 {[%clk 0:00:30]} Rc7 {[%clk 0:00:11]} 33. Rd6
{[%clk 0:00:29]} Rf6 {[%clk 0:00:11]} 34. Ree6 {[%clk 0:00:28]} Rxe6
{[%clk 0:00:12]} 35. Rxe6 {[%clk 0:00:29]} Kf7 {[%clk 0:00:13]} 36. Re3
{[%clk 0:00:27]} Rb7 {[%clk 0:00:11]} 37. Ne2 {[%clk 0:00:23]} Rb4
{[%clk 0:00:10]} 38. Rf3+ {[%clk 0:00:18]} Bf6 {[%clk 0:00:09]} 39. Nc1
{[%clk 0:00:06]} c4 {[%clk 0:00:10]} 40. Kf1 {[%clk 0:00:06]} Ke6
{[%clk 0:00:06]} 41. Ke2 {[%clk 0:00:07]} cxb3 {[%clk 0:00:06]} 42. cxb3
{[%clk 0:00:09]} Bg5 {[%clk 0:00:07]} 43. Nd3 {[%clk 0:00:09]} Re4+
{[%clk 0:00:07]} 44. Kd1 {[%clk 0:00:11]} Kd6 {[%clk 0:00:06]} 45. Rf7
{[%clk 0:00:11]} Re7 {[%clk 0:00:06]} 46. Rf8 {[%clk 0:00:12]} Rb7
{[%clk 0:00:05]} 47. Kc2 {[%clk 0:00:13]} Be7 {[%clk 0:00:05]} 48. Rg8
{[%clk 0:00:14]} Bf6 {[%clk 0:00:04]} 49. Rxg6 {[%clk 0:00:15]} Rf7
{[%clk 0:00:05]} 50. Rxh6 {[%clk 0:00:17]} c5 {[%clk 0:00:06]} 51. g4
{[%clk 0:00:16]} c4 {[%clk 0:00:06]} 52. bxc4 {[%clk 0:00:15]} dxc4
{[%clk 0:00:07]} 53. g5 cxd3+ 54. Kxd3 {[%clk 0:00:18]} Ke5 {[%clk 0:00:08]} 55.
Rxf6 Rd7+ 56. Ke3 {[%clk 0:00:20]} Rb7 {[%clk 0:00:10]} 57. f4+ {[%clk 0:00:21]}
Kd5 58. Ke4+ 1-0

[Event "Team Championship of Russia (blitz)"]
[Site "Sochi"]
[Date "2015.05.10"]
[Round "9.12"]
[White "Sharafiev, Azat"]
[Black "Predke, Alexandr"]
[Result "1-0"]
[LiveChessVersion "1.4.4"]
[BlackElo "2517"]
[WhiteElo "2475"]

1. Nf3 {[%clk 0:03:03]} d5 {[%clk 0:03:01]} 2. d4 {[%clk 0:03:05]} Nf6
{[%clk 0:03:01]} 3. c4 {[%clk 0:03:06]} e6 {[%clk 0:03:02]} 4. Nc3
{[%clk 0:03:06]} Bb4 {[%clk 0:03:03]} 5. Qb3 {[%clk 0:03:07]} c5 {[%clk 0:03:01]}
6. dxc5 {[%clk 0:03:08]} Nc6 {[%clk 0:02:57]} 7. a3 {[%clk 0:02:43]} Bxc5
{[%clk 0:02:28]} 8. cxd5 {[%clk 0:02:43]} Nxd5 {[%clk 0:02:28]} 9. Nxd5
{[%clk 0:02:38]} exd5 {[%clk 0:02:16]} 10. Qc3 {[%clk 0:02:31]} Qb6
{[%clk 0:02:08]} 11. e3 {[%clk 0:02:15]} d4 {[%clk 0:01:46]} 12. exd4
{[%clk 0:01:59]} Nxd4 {[%clk 0:01:41]} 13. Bc4 {[%clk 0:01:58]} O-O
{[%clk 0:01:25]} 14. O-O {[%clk 0:01:55]} Be6 {[%clk 0:01:22]} 15. Ng5
{[%clk 0:01:27]} Bxc4 {[%clk 0:00:40]} 16. Qxc4 {[%clk 0:01:28]} Nb3
{[%clk 0:00:41]} 17. Rb1 {[%clk 0:01:24]} Rac8 {[%clk 0:00:40]} 18. Qe4
{[%clk 0:01:18]} Qg6 {[%clk 0:00:14]} 19. Qxg6 {[%clk 0:01:06]} hxg6
{[%clk 0:00:14]} 20. Bf4 {[%clk 0:01:05]} Rfe8 {[%clk 0:00:15]} 21. Rfe1
{[%clk 0:01:02]} Bd4 {[%clk 0:00:16]} 22. Rxe8+ {[%clk 0:00:54]} Rxe8
{[%clk 0:00:17]} 23. Kf1 {[%clk 0:00:50]} a5 {[%clk 0:00:10]} 24. Nf3
{[%clk 0:00:42]} Bf6 {[%clk 0:00:11]} 25. Nd2 {[%clk 0:00:41]} Nxd2+
{[%clk 0:00:09]} 26. Bxd2 {[%clk 0:00:42]} a4 {[%clk 0:00:09]} 27. Bc3
{[%clk 0:00:39]} Bxc3 {[%clk 0:00:05]} 28. bxc3 {[%clk 0:00:40]} Rc8
{[%clk 0:00:06]} 29. Rc1 {[%clk 0:00:30]} Rc6 {[%clk 0:00:07]} 30. Ke2
{[%clk 0:00:29]} Rb6 {[%clk 0:00:07]} 31. Kd3 {[%clk 0:00:25]} Rb3
{[%clk 0:00:08]} 32. Ra1 {[%clk 0:00:25]} Rb2 {[%clk 0:00:09]} 33. g3
{[%clk 0:00:10]} g5 {[%clk 0:00:10]} 34. h4 {[%clk 0:00:10]} gxh4
{[%clk 0:00:10]} 35. gxh4 {[%clk 0:00:11]} Rxf2 {[%clk 0:00:10]} 36. Rb1
{[%clk 0:00:12]} Rf3+ {[%clk 0:00:08]} 37. Kd4 {[%clk 0:00:12]} Rf4+
{[%clk 0:00:09]} 38. Kd5 {[%clk 0:00:13]} Rxh4 {[%clk 0:00:10]} 39. Rxb7
{[%clk 0:00:14]} g5 {[%clk 0:00:06]} 40. c4 {[%clk 0:00:15]} Rh3 {[%clk 0:00:06]}
41. c5 {[%clk 0:00:14]} Rxa3 {[%clk 0:00:07]} 42. Rb4 {[%clk 0:00:15]} Rd3+
{[%clk 0:00:05]} 43. Kc4 {[%clk 0:00:14]} Rd1 {[%clk 0:00:06]} 44. c6
{[%clk 0:00:15]} Rc1+ {[%clk 0:00:06]} 45. Kb5 {[%clk 0:00:16]} a3
{[%clk 0:00:07]} 46. Ra4 {[%clk 0:00:17]} Rc3 {[%clk 0:00:07]} 47. Kb6
{[%clk 0:00:19]} Kg7 {[%clk 0:00:06]} 48. c7 {[%clk 0:00:20]} Kg6
{[%clk 0:00:05]} 49. Rxa3 Rc1 {[%clk 0:00:06]} 50. Ra5 {[%clk 0:00:22]} Rxc7
{[%clk 0:00:04]} 51. Kxc7 {[%clk 0:00:24]} f5 {[%clk 0:00:05]} 52. Kd6
{[%clk 0:00:25]} g4 {[%clk 0:00:05]} 53. Ke5 {[%clk 0:00:26]} Kg5
{[%clk 0:00:07]} 54. Ra8 {[%clk 0:00:27]} g3 {[%clk 0:00:06]} 55. Rg8+
{[%clk 0:00:28]} Kh4 {[%clk 0:00:08]} 56. Ke4 1-0

[Event "Team Championship of Russia (blitz)"]
[Site "Sochi"]
[Date "2015.05.10"]
[Round "9.22"]
[White "Kiriakov, Petr"]
[Black "Skomorokhin, Vadim"]
[Result "1-0"]
[LiveChessVersion "1.4.4"]
[BlackElo "2368"]
[WhiteElo "2535"]

1. d4 {[%clk 0:03:04]} Nf6 {[%clk 0:03:05]} 2. c4 {[%clk 0:03:05]} a6
{[%clk 0:03:06]} 3. Nc3 {[%clk 0:02:56]} c5 {[%clk 0:03:07]} 4. d5
{[%clk 0:02:53]} b5 {[%clk 0:03:08]} 5. cxb5 {[%clk 0:02:50]} axb5
{[%clk 0:03:09]} 6. Nxb5 {[%clk 0:02:49]} Qa5+ {[%clk 0:03:09]} 7. Nc3
{[%clk 0:02:49]} Bb7 {[%clk 0:03:10]} 8. Bd2 {[%clk 0:02:34]} Qb6
{[%clk 0:03:12]} 9. e4 {[%clk 0:02:32]} e6 {[%clk 0:03:13]} 10. Bc4
{[%clk 0:02:26]} Nxe4 {[%clk 0:03:12]} 11. Nf3 {[%clk 0:01:54]} Nxd2
{[%clk 0:03:12]} 12. Qxd2 {[%clk 0:01:55]} Be7 {[%clk 0:03:12]} 13. O-O
{[%clk 0:01:55]} O-O {[%clk 0:03:12]} 14. Rfe1 {[%clk 0:01:48]} Ba6
{[%clk 0:03:02]} 15. Bxa6 {[%clk 0:01:38]} Nxa6 {[%clk 0:03:03]} 16. Ne5
{[%clk 0:01:39]} Qb7 {[%clk 0:02:58]} 17. Nc4 {[%clk 0:01:33]} Nb4
{[%clk 0:02:55]} 18. d6 {[%clk 0:01:18]} Bf6 {[%clk 0:02:50]} 19. a3
{[%clk 0:01:18]} Bxc3 {[%clk 0:02:40]} 20. bxc3 {[%clk 0:01:17]} Nd5 21. Ne5
{[%clk 0:01:10]} c4 {[%clk 0:02:30]} 22. Nxc4 {[%clk 0:01:09]} Qa6
{[%clk 0:02:31]} 23. Ne5 {[%clk 0:01:09]} Ra7 {[%clk 0:02:10]} 24. c4
{[%clk 0:01:09]} Nb6 {[%clk 0:02:05]} 25. Qd4 {[%clk 0:01:10]} f6
{[%clk 0:01:52]} 26. Nd3 {[%clk 0:01:11]} Nxc4 {[%clk 0:01:48]} 27. Nc5
{[%clk 0:01:11]} Qc6 {[%clk 0:01:31]} 28. Nxe6 {[%clk 0:01:09]} dxe6
{[%clk 0:01:25]} 29. Qxa7 {[%clk 0:01:10]} Qxd6 {[%clk 0:01:20]} 30. Red1
{[%clk 0:01:10]} Qe5 {[%clk 0:01:04]} 31. Qd4 {[%clk 0:01:10]} Qb5
{[%clk 0:00:50]} 32. a4 {[%clk 0:01:10]} Qa6 {[%clk 0:00:51]} 33. Rdc1
{[%clk 0:01:08]} Ne5 {[%clk 0:00:45]} 34. Rd1 {[%clk 0:01:05]} h6
{[%clk 0:00:37]} 35. Qd6 {[%clk 0:01:05]} Qc4 {[%clk 0:00:38]} 36. Qd4
{[%clk 0:01:00]} Qa6 {[%clk 0:00:34]} 37. a5 {[%clk 0:01:01]} Ra8
{[%clk 0:00:32]} 38. Qb6 {[%clk 0:00:58]} Qc4 {[%clk 0:00:26]} 39. Rd8+
{[%clk 0:00:58]} Rxd8 {[%clk 0:00:26]} 40. Qxd8+ {[%clk 0:01:00]} Kh7
{[%clk 0:00:26]} 41. a6 {[%clk 0:00:56]} Nc6 {[%clk 0:00:17]} 42. Qd1
{[%clk 0:00:56]} Qc5 {[%clk 0:00:10]} 43. Qc1 {[%clk 0:00:56]} Qb6
{[%clk 0:00:08]} 44. Qb1+ {[%clk 0:00:57]} Nb8 1-0

[Event "Team Championship of Russia (blitz)"]
[Site "Sochi"]
[Date "2015.05.10"]
[Round "11.2"]
[White "Jobava, Baadur"]
[Black "Belyakov, Bogdan"]
[Result "1-0"]
[LiveChessVersion "1.4.4"]
[BlackElo "2391"]
[WhiteElo "2640"]

1. b3 {[%clk 0:03:03]} b6 {[%clk 0:02:52]} 2. Bb2 {[%clk 0:03:03]} Bb7
{[%clk 0:02:54]} 3. e3 {[%clk 0:03:04]} e6 {[%clk 0:02:55]} 4. Nc3
{[%clk 0:03:05]} d6 {[%clk 0:02:55]} 5. d4 {[%clk 0:03:05]} Nd7 {[%clk 0:02:56]}
6. Qd2 {[%clk 0:03:06]} a6 {[%clk 0:02:57]} 7. O-O-O {[%clk 0:03:06]} g6
{[%clk 0:02:58]} 8. Kb1 {[%clk 0:03:07]} Bg7 {[%clk 0:02:59]} 9. h4
{[%clk 0:03:07]} h6 {[%clk 0:03:00]} 10. f3 {[%clk 0:03:05]} Ne7 {[%clk 0:02:59]}
11. Nge2 {[%clk 0:02:58]} Nf8 {[%clk 0:02:53]} 12. e4 {[%clk 0:02:58]} Qd7
{[%clk 0:02:54]} 13. Nc1 {[%clk 0:02:56]} O-O-O {[%clk 0:02:54]} 14. Qf2
{[%clk 0:02:52]} Kb8 {[%clk 0:02:54]} 15. Nd3 {[%clk 0:02:53]} Qc8
{[%clk 0:02:55]} 16. g4 {[%clk 0:02:44]} Nd7 {[%clk 0:02:55]} 17. Bg2
{[%clk 0:02:44]} f5 {[%clk 0:02:53]} 18. gxf5 {[%clk 0:02:42]} gxf5
{[%clk 0:02:52]} 19. Rhg1 {[%clk 0:02:40]} Rhg8 {[%clk 0:02:52]} 20. Bh3
{[%clk 0:02:41]} Bf6 {[%clk 0:02:50]} 21. Nf4 {[%clk 0:02:41]} Rxg1
{[%clk 0:02:26]} 22. Rxg1 {[%clk 0:02:40]} Nf8 {[%clk 0:02:27]} 23. h5
{[%clk 0:02:13]} Ka7 {[%clk 0:02:27]} 24. a4 {[%clk 0:02:12]} Qa8
{[%clk 0:02:28]} 25. a5 {[%clk 0:02:11]} Bg5 {[%clk 0:02:20]} 26. axb6+
{[%clk 0:02:10]} cxb6 {[%clk 0:02:21]} 27. Nd3 {[%clk 0:01:52]} fxe4
{[%clk 0:02:20]} 28. fxe4 {[%clk 0:01:52]} Bxe4 {[%clk 0:02:21]} 29. Nxe4
{[%clk 0:01:53]} Qxe4 {[%clk 0:02:22]} 30. Qf7 {[%clk 0:01:42]} Qh7
{[%clk 0:02:20]} 31. Bxe6 {[%clk 0:01:36]} Qxf7 {[%clk 0:02:20]} 32. Bxf7
{[%clk 0:01:37]} Nd7 {[%clk 0:02:15]} 33. Ba3 {[%clk 0:01:03]} Nf6
{[%clk 0:02:11]} 34. Re1 {[%clk 0:00:54]} Nf5 {[%clk 0:02:11]} 35. d5
{[%clk 0:00:47]} a5 {[%clk 0:02:03]} 36. c4 {[%clk 0:00:47]} Ka6 {[%clk 0:01:29]}
37. b4 {[%clk 0:00:46]} Ne3 {[%clk 0:01:26]} 38. b5+ {[%clk 0:00:43]} Kb7
{[%clk 0:01:26]} 39. Bc1 {[%clk 0:00:28]} Nxc4 {[%clk 0:01:25]} 40. Bxg5
{[%clk 0:00:28]} hxg5 {[%clk 0:01:26]} 41. Re6 {[%clk 0:00:18]} Nxd5
{[%clk 0:01:08]} 42. h6 {[%clk 0:00:19]} Rh8 {[%clk 0:01:09]} 43. Rg6
{[%clk 0:00:14]} Nce3 {[%clk 0:00:45]} 44. Rg7 {[%clk 0:00:13]} Nc3+
{[%clk 0:00:32]} 45. Kb2 {[%clk 0:00:15]} Na4+ {[%clk 0:00:30]} 46. Ka3
{[%clk 0:00:15]} Rxh6 {[%clk 0:00:30]} 47. Kxa4 {[%clk 0:00:14]} Rh4+
{[%clk 0:00:30]} 48. Ka3 {[%clk 0:00:12]} Kc7 {[%clk 0:00:29]} 49. Bd5+
{[%clk 0:00:12]} Kd8 {[%clk 0:00:30]} 50. Bc4 Nxc4+ {[%clk 0:00:30]} 51. Kb3
{[%clk 0:00:14]} a4+ {[%clk 0:00:28]} 52. Kc3 {[%clk 0:00:15]} a3
{[%clk 0:00:28]} 53. Nb4 {[%clk 0:00:15]} Ne5 {[%clk 0:00:28]} 54. Ra7
{[%clk 0:00:15]} Rh3+ {[%clk 0:00:28]} 55. Kd4 {[%clk 0:00:16]} Rh4+
{[%clk 0:00:30]} 56. Kc3 {[%clk 0:00:16]} Rh3+ {[%clk 0:00:31]} 57. Kc2
{[%clk 0:00:17]} Rh2+ {[%clk 0:00:30]} 58. Kd1 {[%clk 0:00:16]} a2
{[%clk 0:00:11]} 59. Nxa2 {[%clk 0:00:14]} Rh4 {[%clk 0:00:11]} 60. Nc3
{[%clk 0:00:14]} Rc4 {[%clk 0:00:11]} 61. Nd5 {[%clk 0:00:14]} Nc6
{[%clk 0:00:12]} 62. Ra8+ {[%clk 0:00:15]} Kd7 {[%clk 0:00:12]} 63. Nxb6+
{[%clk 0:00:17]} Kc7 {[%clk 0:00:13]} 64. Nxc4 {[%clk 0:00:18]} Kb8
{[%clk 0:00:14]} 65. bxc6+ {[%clk 0:00:22]} 1-0